<?xml version="1.0" encoding="UTF-8"?><?xml-stylesheet type="text/xsl" href="static/style.xsl"?><OAI-PMH xmlns="http://www.openarchives.org/OAI/2.0/" xmlns:xsi="http://www.w3.org/2001/XMLSchema-instance" xsi:schemaLocation="http://www.openarchives.org/OAI/2.0/ http://www.openarchives.org/OAI/2.0/OAI-PMH.xsd"><responseDate>2026-04-17T02:17:12Z</responseDate><request verb="GetRecord" identifier="oai:www.recercat.cat:10459.1/71787" metadataPrefix="marc">https://recercat.cat/oai/request</request><GetRecord><record><header><identifier>oai:recercat.cat:10459.1/71787</identifier><datestamp>2024-12-05T11:55:38Z</datestamp><setSpec>com_2072_3622</setSpec><setSpec>col_2072_479130</setSpec></header><metadata><record xmlns="http://www.loc.gov/MARC21/slim" xmlns:dcterms="http://purl.org/dc/terms/" xmlns:xsi="http://www.w3.org/2001/XMLSchema-instance" xmlns:doc="http://www.lyncode.com/xoai" xsi:schemaLocation="http://www.loc.gov/MARC21/slim http://www.loc.gov/standards/marcxml/schema/MARC21slim.xsd">
   <leader>00925njm 22002777a 4500</leader>
   <datafield ind2=" " ind1=" " tag="042">
      <subfield code="a">dc</subfield>
   </datafield>
   <datafield ind2=" " ind1=" " tag="720">
      <subfield code="a">Climent Sanz, Carolina</subfield>
      <subfield code="e">author</subfield>
   </datafield>
   <datafield ind2=" " ind1=" " tag="720">
      <subfield code="a">Gea Sánchez, Montserrat</subfield>
      <subfield code="e">author</subfield>
   </datafield>
   <datafield ind2=" " ind1=" " tag="720">
      <subfield code="a">Fernández-Lago, Helena</subfield>
      <subfield code="e">author</subfield>
   </datafield>
   <datafield ind2=" " ind1=" " tag="720">
      <subfield code="a">Mateos, José Tomás</subfield>
      <subfield code="e">author</subfield>
   </datafield>
   <datafield ind2=" " ind1=" " tag="720">
      <subfield code="a">Rubí Carnacea, Francesc</subfield>
      <subfield code="e">author</subfield>
   </datafield>
   <datafield ind2=" " ind1=" " tag="720">
      <subfield code="a">Briones Vozmediano, Erica Tula</subfield>
      <subfield code="e">author</subfield>
   </datafield>
   <datafield ind2=" " ind1=" " tag="260">
      <subfield code="c">2021-09-02T08:20:42Z</subfield>
   </datafield>
   <datafield ind2=" " ind1=" " tag="260">
      <subfield code="c">2021-09-02T08:20:42Z</subfield>
   </datafield>
   <datafield ind2=" " ind1=" " tag="260">
      <subfield code="c">2021</subfield>
   </datafield>
   <datafield ind2=" " ind1=" " tag="520">
      <subfield code="a">Aim&#xd;
This study aimed to explore the experience and management of poor sleep quality in Spanish women with fibromyalgia (FM).&#xd;
&#xd;
Design&#xd;
This was a qualitative study based on one-to-one interviews.&#xd;
&#xd;
Methods&#xd;
Twenty-one adult women diagnosed with FM were recruited from the community between January and March 2020. Data were collected through in-depth semistructured one-to-one interviews, using an interview guide of open questions about the experience and management of poor sleep quality, and were analyzed with thematic qualitative analysis. The symptom management theory was used as a biopsychosocial conceptual framework.&#xd;
&#xd;
Results&#xd;
The results were organized into two themes: (a) experience of poor sleep quality and (b) management strategies for poor sleep quality. Poor sleep quality was found to be a severe symptom of FM that negatively impacts pain, fatigue, stiffness, mental health, and quality of life. The participants perceived pharmacological treatment to be the main approach of health care professionals for improving sleep, and most did not want this form of treatment. Self-management strategies lack clear beneficial effects on sleep quality.&#xd;
&#xd;
Conclusion&#xd;
Women with FM recognize that they need to receive more information from nurses and allied professions about sleep in the context of FM and how to effectively manage poor sleep quality.&#xd;
&#xd;
Impact&#xd;
This study contributes to a better understanding of how women with FM experience and manage poor sleep quality. More information about management strategies for poor sleep quality from nurses and other health care professionals is needed in women with FM. The results of this study can be applied by nurses and health care professionals, including sleep educators, in the treatment of this patient group.</subfield>
   </datafield>
   <datafield ind2=" " ind1=" " tag="520">
      <subfield code="a">The principal investigator of this research was supported by the Research Promotion Plan (2016) fellowship as a predoctoral researcher at the University of Lleida, Catalonia, Spain.  This work was supported by the Institute for Social and Territorial Development of the University of Lleida.</subfield>
   </datafield>
   <datafield ind1="8" ind2=" " tag="024">
      <subfield code="a">http://hdl.handle.net/10459.1/71787</subfield>
   </datafield>
   <datafield tag="653" ind2=" " ind1=" ">
      <subfield code="a">Fibromyalgia</subfield>
   </datafield>
   <datafield tag="653" ind2=" " ind1=" ">
      <subfield code="a">Nursing</subfield>
   </datafield>
   <datafield tag="653" ind2=" " ind1=" ">
      <subfield code="a">Poor sleep quality</subfield>
   </datafield>
   <datafield tag="653" ind2=" " ind1=" ">
      <subfield code="a">Qualitative research</subfield>
   </datafield>
   <datafield tag="653" ind2=" " ind1=" ">
      <subfield code="a">Symptom management theory</subfield>
   </datafield>
   <datafield ind2="0" ind1="0" tag="245">
      <subfield code="a">Sleeping is a nightmare: A qualitative study on the experience and management of poor sleep quality in women with fibromyalgia</subfield>
   </datafield>
</record></metadata></record></GetRecord></OAI-PMH>